000 00308nam a2200133Ia 4500
005 20251222142007.0
008 251222s9999||||xx |||||||||||||| ||spa||
020 _a84-7509-455-4
082 _a371.001/A64
100 _aApple, Michael W.
245 0 _aEducación y Poder
264 _bPaidós
942 _cLIB
999 _c10205
_d10205